00272nam a22000737a 4500040000800000082002600008245013800034260002600172 cRUA aLMA MAR 2004 C227 Or. aHandout on : Toward a National Spatial Data Infrastructure, Geoinformation based on Satellite Data, New Technology in Geoinformation. aphnom penhbruac2004